| 000 | 00403nam a2200145 a 4500 | ||
|---|---|---|---|
| 001 | 2484 | ||
| 005 | 20140414131908.0 | ||
| 008 | 050601s19uu xx 00 eng d | ||
| 050 |
_aER _bBa11 |
||
| 245 |
_aBaby's counting book / _cpictures by Shuichi Nakahara. |
||
| 260 |
_aTokyo : _bFrobel-kan, _c[n.d.] |
||
| 300 | _a1 v. p. : ill. ; cm. | ||
| 650 |
_aNumbers _xJuvenile literature. |
||
| 999 |
_c111035 _d111035 |
||